Hükumette yer alan siyasi partiler - Statistics

General Stats
  • This quiz has been taken 482 times
  • The average score is 27 of 53
Answer Stats
Group Answer % Correct
1923-1950 CHP
100%
1961-1962 CHP
100%
1962-1963 CHP
100%
1963-1965 CHP
100%
1971-1973 CHP
100%
1974 CHP
100%
1977 CHP
100%
1978-1979 CHP
100%
1995-1996 CHP
100%
2002-2015 AKP
95%
2015 AKP
95%
2015- AKP
95%
1975-1977 MHP
84%
1977-1978 MHP
84%
1999-2002 MHP
84%
2015 MHP
84%
1950-1960 DP
69%
1978-1979 DP
69%
1983-1991 ANAP
58%
1996 ANAP
58%
1997-1999 ANAP
58%
1999-2002 ANAP
58%
2015 HDP
50%
1997-1999 DSP
47%
1999 DSP
47%
1999-2002 DSP
47%
1961-1962 AP
45%
1965 AP
45%
1965-1971 AP
45%
1971-1973 AP
45%
1973-1974 AP
45%
1975-1977 AP
45%
1977-1978 AP
45%
1979-1980 AP
45%
1996-1997 RP
43%
1991-1995 DYP
33%
1995-1996 DYP
33%
1996 DYP
33%
1996-1997 DYP
33%
1991-1995 SHP
20%
1974 MSP
17%
1975-1977 MSP
17%
1977-1978 MSP
17%
1965 MP
8%
1962-1963 CKMP
7%
1965 CKMP
7%
1973-1974 CGP
5%
1975-1977 CGP
5%
1978-1979 CGP
5%
1997-1999 DTP
3%
1962-1963 YTP
3%
1965 YTP
3%
1971-1973 MGP
1%
No matching quizzes found
Score Distribution
Percent of People with Each Score
Percentile by Number Answered
Your Score History
You have not taken this quiz